|
|
|
|
| LEADER |
00000nam a2200000Ia 4500 |
| 008 |
150730b2005 cr ||||| |||| 00| | spa d |
| 022 |
|
|
|a 1659-0791
|
| 090 |
|
|
|a 06.06.02
|b 1288
|
| 100 |
1 |
|
|a Cox Alvarado Alexander
|9 590
|
| 245 |
1 |
0 |
|a Estudio de empleadores de los profesores de Educación Secundaria de Ciencias, Español, Estudios Sociales, Inglés y Matemática en Costa Rica, 2004 /
|c Alexander Cox Alvarado
|
| 260 |
|
|
|a Costa Rica :
|b Conare,
|c 2005
|
| 300 |
|
|
|a 45 páginas
|
| 500 |
|
|
|a Incluye el informe final
|
| 650 |
1 |
4 |
|a EMPLEADORES
|9 591
|
| 650 |
1 |
4 |
|a EMPLEO
|9 548
|
| 650 |
1 |
4 |
|a MERCADO DE TRABAJO
|9 571
|
| 651 |
|
4 |
|a COSTA RICA
|9 47
|
| 942 |
|
|
|i 002047 ,003312
|h 06.06.02 1288
|2 z
|c 01
|
| 999 |
|
|
|c 132
|d 132
|